[Event "Oebro CXU Nytaar 2024"]
[Site "Copenhagen"]
[Date "2024.12.27"]
[Round "1.1"]
[White "Ochsner, Bjorn Moller"]
[Black "Ertbjerg, Andreas Lund"]
[Result "1-0"]
[WhiteElo "2503"]
[BlackElo "2045"]
[WhiteFideId "1416928"]
[BlackFideId "1412914"]
[EventDate "2024.12.27"]
[EventType "swiss"]
[EventRounds "7"]
[EventCountry "DEN"]
[SourceTitle "Live v. Obro Skakforening"]

1. e4 e6 2. d4 d5 3. Nc3 Bb4 4. e5 c5 5. a3 Bxc3+ 6. bxc3 Qc7 7. Nf3 Ne7 8. h4 Nbc6 9. h5 h6 10. Rh4 Bd7 11. Rf4 O-O-O 12. Rxf7 Be8 13. Rxg7 Bxh5 14. g4 Bg6 15. Be3 h5 16. g5 Qa5 17. Qd2 h4 18. Rxg6 Nxg6 19. Bh3 Rde8 20. Nh2 cxd4 21. cxd4 Qxd2+ 22. Kxd2 Na5 23. Ng4 Re7 24. Nf6 Kc7 25. f4 Kc6 26. Kd3 Nc4 27. Bc1 b5 28. c3 a5 29. Ra2 Nb6 30. Rf2 Nf8 31. Rg2 Rg7 32. Bg4 Nbd7 33. Rh2 Nxf6 34. exf6 Rb7 35. f5 exf5 36. Bxf5 b4 37. cxb4 axb4 38. axb4 Rxb4 39. g6 Nxg6 40. Bxg6 Rb3+ 41. Ke2 Rg3 42. Bc2 Ra8 43. f7 Rc3 44. Ba4+ Rxa4 45. f8=Q Rxc1 46. Qe8+ 1-0

[Event "Oebro CXU Nytaar 2024"]
[Site "Copenhagen"]
[Date "2024.12.27"]
[Round "1.2"]
[White "Kakulidis, Ellen"]
[Black "Hector, Jonny"]
[Result "0-1"]
[WhiteElo "2037"]
[BlackElo "2443"]
[WhiteFideId "1444972"]
[BlackFideId "1700090"]
[EventDate "2024.12.27"]
[EventType "swiss"]
[EventRounds "7"]
[EventCountry "DEN"]
[SourceTitle "Live v. Obro Skakforening"]

1. d4 Nc6 2. Nf3 d5 3. g3 Bf5 4. Bg2 Nb4 5. Na3 e6 6. O-O h5 7. c4 c6 8. h4 Be7 9. Bf4 Nf6 10. Ng5 O-O 11. Re1 c5 12. cxd5 exd5 13. Nf3 Rc8 14. Bg5 Qb6 15. Rf1 Rfe8 16. Be3 c4 17. Bg5 Nc6 18. Nc2 Qxb2 19. Ne3 Be4 20. Bh3 Rcd8 21. Nf5 Bc2 22. Qd2 Bb4 23. Qf4 Re4 24. Nh6+ gxh6 25. Qxf6 Rd6 26. Qf5 Re8 27. Qf4 hxg5 28. Nxg5 Bg6 29. Rab1 Qxd4 30. Qxd4 Nxd4 31. Rxb4 Nxe2+ 32. Kh2 Rb6 0-1

[Event "Oebro CXU Nytaar 2024"]
[Site "Copenhagen"]
[Date "2024.12.27"]
[Round "1.3"]
[White "Heimisson, Hilmir Freyr"]
[Black "Boje, Tobias Rosholm"]
[Result "1-0"]
[WhiteElo "2403"]
[BlackElo "2027"]
[WhiteFideId "2309998"]
[BlackFideId "1413643"]
[EventDate "2024.12.27"]
[EventType "swiss"]
[EventRounds "7"]
[EventCountry "DEN"]
[SourceTitle "Live v. Obro Skakforening"]

1. Nf3 d5 2. g3 Nf6 3. Bg2 g6 4. c4 c6 5. Qb3 Bg7 6. d4 O-O 7. Nc3 b6 8. O-O Bb7 9. Rd1 Nbd7 10. Bf4 dxc4 11. Qxc4 Nd5 12. Bd2 Rc8 13. e4 Nxc3 14. Bxc3 Qc7 15. Rac1 c5 16. d5 Ne5 17. Nxe5 Bxe5 18. f4 Bxc3 19. bxc3 Qd7 20. Qf1 Qa4 21. Rd2 c4 22. f5 Qa3 23. Rcc2 Qd6 24. Rd4 b5 25. Qc1 Qe5 26. Rf2 a5 27. Qh6 Qg7 28. Qf4 b4 29. e5 g5 30. Qe3 f6 31. Bf1 Ba6 32. exf6 Qxf6 33. Rg4 bxc3 34. h4 c2 35. Rxc2 Kh8 36. Rxg5 Rg8 37. Kh2 Rxg5 38. hxg5 Qxf5 39. Qd4+ Kg8 40. Rf2 Qg6 41. Bh3 Rd8 42. Qc5 Qg7 43. Qb6 Ra8 44. Qc6 Rf8 45. Rxf8+ Kxf8 46. Qxa6 Qb2+ 47. Bg2 c3 48. Qh6+ Ke8 49. Qxh7 c2 50. g6 c1=Q 51. g7 1-0

[Event "Oebro CXU Nytaar 2024"]
[Site "Copenhagen"]
[Date "2024.12.27"]
[Round "1.4"]
[White "Saravana, Vedant Kumar"]
[Black "Reimanis, Ritvars"]
[Result "0-1"]
[WhiteElo "2021"]
[BlackElo "2339"]
[WhiteFideId "45059730"]
[BlackFideId "11602988"]
[EventDate "2024.12.27"]
[EventType "swiss"]
[EventRounds "7"]
[EventCountry "DEN"]
[SourceTitle "Live v. Obro Skakforening"]

1. e4 c5 2. Nf3 Nc6 3. Bb5 g6 4. Bxc6 bxc6 5. d3 Bg7 6. O-O d6 7. Nc3 Nh6 8. h3 e5 9. Nh2 f5 10. f4 exf4 11. exf5 Bd4+ 12. Kh1 Nxf5 13. Bxf4 O-O 14. Ne2 Bxb2 15. Rb1 Bg7 16. Nf3 h6 17. Qd2 g5 18. Bh2 Be6 19. c3 Qd7 20. d4 c4 21. Ng3 Nxg3+ 22. Bxg3 Bf5 23. Rb2 Bxh3 24. Bxd6 Bxg2+ 25. Qxg2 Qxd6 26. Rbf2 Qd5 27. Nd2 Rxf2 28. Rxf2 Re8 29. Kh2 Re3 30. Rf3 Rxf3 31. Qxf3 Qxf3 32. Nxf3 c5 33. dxc5 Bxc3 34. c6 Ba5 35. Nd4 c3 36. Kg2 Kf7 37. Kf3 h5 38. Ke4 Kf6 39. Kd3 h4 40. Nb5 h3 41. Nxc3 h2 42. Ne4+ Ke5 43. Ng3 Kf4 44. Nh1 Kf3 0-1

[Event "Oebro CXU Nytaar 2024"]
[Site "Copenhagen"]
[Date "2024.12.27"]
[Round "1.5"]
[White "Hagen, Andreas Skytte"]
[Black "Gronnemose, Freja Egelund"]
[Result "1-0"]
[WhiteElo "2334"]
[BlackElo "1956"]
[WhiteFideId "1407341"]
[BlackFideId "1474456"]
[EventDate "2024.12.27"]
[EventType "swiss"]
[EventRounds "7"]
[EventCountry "DEN"]
[SourceTitle "Live v. Obro Skakforening"]

1. e4 e5 2. Nf3 f5 3. Nxe5 Qf6 4. Nc4 fxe4 5. Nc3 Qg6 6. d3 Bb4 7. Bd2 Bxc3 8. Bxc3 Nf6 9. Bxf6 Qxf6 10. dxe4 d6 11. Be2 Nc6 12. c3 Bd7 13. Qd2 O-O 14. O-O Rae8 15. Bd3 b5 16. Ne3 Qg5 17. f3 Ne5 18. Kh1 Rf7 19. Rad1 Nxd3 20. Qxd3 a6 21. b3 h5 22. Nd5 Be6 23. Qe3 Qd8 24. Rfe1 h4 25. Nf4 Qg5 26. Nxe6 Qxe3 27. Rxe3 Rxe6 28. Kg1 Re5 29. Kf2 g6 30. Rd5 Kf8 31. Rxe5 dxe5 32. Rd3 Ke8 33. Rd5 Re7 34. Ke3 g5 35. Kd3 Rd7 36. Rxd7 Kxd7 37. Ke3 Ke6 38. g3 Kf6 39. gxh4 gxh4 40. f4 c6 41. f5 c5 42. b4 c4 43. Kf3 Kg5 44. h3 Kh5 45. f6 Kg6 46. Kg4 Kxf6 47. Kxh4 1-0

[Event "Oebro CXU Nytaar 2024"]
[Site "Copenhagen"]
[Date "2024.12.27"]
[Round "1.6"]
[White "Mortensen, Henrik"]
[Black "Nilssen, John Arni"]
[Result "0-1"]
[WhiteElo "1955"]
[BlackElo "2330"]
[WhiteFideId "1401424"]
[BlackFideId "7200137"]
[EventDate "2024.12.27"]
[EventType "swiss"]
[EventRounds "7"]
[EventCountry "DEN"]
[SourceTitle "Live v. Obro Skakforening"]

1. d4 g6 2. e4 Bg7 3. Nc3 d6 4. Nge2 a6 5. a4 Nf6 6. g3 h5 7. h3 Nc6 8. Be3 Bd7 9. Bg2 Qc8 10. Qd2 e5 11. d5 Na5 12. Qd3 b6 13. b4 Nb7 14. Nd1 O-O 15. Nb2 Ne8 16. c4 f5 17. Nc3 a5 18. b5 f4 19. gxf4 exf4 20. Bd4 f3 21. Bf1 Nc5 22. Bxc5 bxc5 23. O-O-O Qd8 24. Rg1 Kh7 25. Rg3 Qf6 26. Kc2 h4 27. Rg1 Qe5 28. Qd2 Bh6 29. Qe1 Nf6 30. Bd3 Nh5 31. Rb1 Nf4 32. Nbd1 Ng2 33. Qf1 Bxh3 0-1

[Event "Oebro CXU Nytaar 2024"]
[Site "Copenhagen"]
[Date "2024.12.27"]
[Round "1.7"]
[White "Ramsdal, Jens Albert"]
[Black "Petersen, Nils"]
[Result "1-0"]
[WhiteElo "2299"]
[BlackElo "1934"]
[WhiteFideId "1429221"]
[BlackFideId "1403346"]
[EventDate "2024.12.27"]
[EventType "swiss"]
[EventRounds "7"]
[EventCountry "DEN"]
[SourceTitle "Live v. Obro Skakforening"]

1. d4 Nf6 2. c4 e6 3. Nc3 Bb4 4. Qc2 O-O 5. Nf3 c5 6. dxc5 Na6 7. g3 Nxc5 8. Bg2 Nce4 9. O-O Nxc3 10. bxc3 Be7 11. e4 d6 12. e5 dxe5 13. Nxe5 Qc7 14. Qe2 Nd7 15. Bf4 Nxe5 16. Bxe5 Bd6 17. Rfe1 Bxe5 18. Qxe5 Qxe5 19. Rxe5 Rb8 20. Ra5 a6 21. Rb1 b6 22. c5 Bb7 23. cxb6 Rfd8 24. Bxb7 Rxb7 25. Rxa6 Kf8 26. Ra7 Rdd7 27. Rxb7 Rxb7 28. a4 1-0

[Event "Oebro CXU Nytaar 2024"]
[Site "Copenhagen"]
[Date "2024.12.27"]
[Round "1.8"]
[White "Ramsdal, Mikkel"]
[Black "Medhus, Vitus Bondo"]
[Result "1/2-1/2"]
[WhiteElo "1920"]
[BlackElo "2275"]
[WhiteFideId "1438484"]
[BlackFideId "1462547"]
[EventDate "2024.12.27"]
[EventType "swiss"]
[EventRounds "7"]
[EventCountry "DEN"]
[SourceTitle "Live v. Obro Skakforening"]

1. d4 d5 2. c4 e6 3. Nf3 Nf6 4. g3 dxc4 5. Bg2 Nbd7 6. O-O Be7 7. Nbd2 Nb6 8. Qc2 O-O 9. Nxc4 Nxc4 10. Qxc4 a6 11. Qc2 b5 12. Ne5 Nd5 13. e4 Nb4 14. Qc3 f6 15. Nf3 Bb7 16. Re1 f5 17. exf5 Rxf5 18. Ne5 Bxg2 19. Kxg2 Qd5+ 20. Kg1 Nxa2 21. Qxc7 Bd6 22. Qd7 Nxc1 23. Raxc1 Raf8 24. Nd3 Qxd4 25. Qxe6+ Kh8 26. Qe3 Qd5 27. Qe4 Qb3 28. Rc6 Rd5 29. Rc3 Qa2 30. Qe6 b4 31. Rc8 Qa5 32. Nf4 Rf5 1/2-1/2

[Event "Oebro CXU Nytaar 2024"]
[Site "Copenhagen"]
[Date "2024.12.27"]
[Round "1.9"]
[White "Bank, Pelle Rodkjaer"]
[Black "Petersen, Poul Erik"]
[Result "1-0"]
[WhiteElo "2269"]
[BlackElo "1914"]
[WhiteFideId "1402889"]
[BlackFideId "1440667"]
[EventDate "2024.12.27"]
[EventType "swiss"]
[EventRounds "7"]
[EventCountry "DEN"]
[SourceTitle "Live v. Obro Skakforening"]

1. d4 Nf6 2. Bg5 e6 3. e4 Be7 4. Nd2 h6 5. Be3 b6 6. Nh3 Bb7 7. Bd3 c5 8. c3 d6 9. O-O O-O 10. Qe2 e5 11. dxe5 dxe5 12. f3 Nc6 13. Rfd1 Qc7 14. Nf1 a6 15. g4 Nh7 16. Ng3 b5 17. Nf5 c4 18. Bc2 Rfd8 19. Rd5 Bf8 20. Rad1 Nd4 21. cxd4 Bxd5 22. exd5 exd4 23. Bxd4 g6 24. Ne3 Bc5 25. Qd2 Re8 26. Be4 Bxd4 27. Qxd4 Qd6 28. Kg2 Nf6 29. Nf2 Re5 30. h4 Nd7 31. h5 Rae8 32. hxg6 fxg6 33. Rh1 Qf8 34. d6 Qg7 35. Nd5 h5 36. Qa7 hxg4 37. Qxd7 gxf3+ 38. Bxf3 Rg5+ 39. Bg4 Qxd7 40. Nf6+ Kg7 41. Nxd7 Rd8 42. Kf3 Rxg4 43. Nxg4 Rxd7 44. Rd1 b4 45. Ne5 Rd8 46. Ke4 c3 47. bxc3 bxc3 48. Kd5 1-0

[Event "Oebro CXU Nytaar 2024"]
[Site "Copenhagen"]
[Date "2024.12.27"]
[Round "1.10"]
[White "Andries, Leia"]
[Black "De Vleeschauwer, Maarten"]
[Result "0-1"]
[WhiteElo "1914"]
[BlackElo "2256"]
[WhiteFideId "1469207"]
[BlackFideId "214809"]
[EventDate "2024.12.27"]
[EventType "swiss"]
[EventRounds "7"]
[EventCountry "DEN"]
[SourceTitle "Live v. Obro Skakforening"]

1. e4 e5 2. Nf3 Nc6 3. d4 exd4 4. Nxd4 Bc5 5. Nb3 Bb6 6. Nc3 Nf6 7. Qe2 O-O 8. Be3 Qe7 9. f3 Bxe3 10. Qxe3 d5 11. O-O-O dxe4 12. fxe4 Re8 13. Re1 Ne5 14. h3 Be6 15. Nd4 Qc5 16. Nxe6 Qxe3+ 17. Rxe3 Rxe6 18. Nb5 Re7 19. Nd4 Rd8 20. c3 Ned7 21. Bd3 Nc5 22. Bc2 Nd5 23. Ree1 Nf4 24. Re3 Nxg2 25. Rg3 Nf4 26. Rhg1 g6 27. Rf3 Nce6 28. Rd1 Nxd4 29. cxd4 Ne2+ 30. Kb1 Nxd4 31. Rf2 Rd6 0-1

[Event "Oebro CXU Nytaar 2024"]
[Site "Copenhagen"]
[Date "2024.12.27"]
[Round "1.11"]
[White "Hansen, Soren Bech"]
[Black "Rasmussen, Morten"]
[Result "1-0"]
[WhiteElo "2256"]
[BlackElo "1904"]
[WhiteFideId "1400681"]
[BlackFideId "1410865"]
[EventDate "2024.12.27"]
[EventType "swiss"]
[EventRounds "7"]
[EventCountry "DEN"]
[SourceTitle "Live v. Obro Skakforening"]

1. e4 c5 2. Nf3 Nc6 3. d4 cxd4 4. Nxd4 g6 5. Bc4 Bg7 6. Nf3 Nf6 7. Nc3 a6 8. e5 Ng4 9. Bxf7+ Kxf7 10. Ng5+ Kg8 11. Qxg4 Nxe5 12. Qe4 h6 13. Qd5+ e6 14. Nxe6 Qe7 15. Nxg7+ Kxg7 16. Be3 d6 17. O-O-O Rd8 18. Bb6 Rf8 19. Qxd6 Qxd6 20. Rxd6 Kh7 21. Re1 Re8 22. Re3 Bf5 23. b3 Rac8 24. f4 Nf7 25. Rxe8 Rxe8 26. Rf6 Kg8 27. g4 Re6 28. Rxe6 Bxe6 29. Ne4 Kf8 30. Bc5+ Ke8 31. c4 Kd7 32. Bf8 Kc6 33. h3 h5 34. gxh5 gxh5 35. h4 Bg4 36. Nf6 Bf3 37. Kd2 Nd6 38. Ke3 Bd1 39. Bxd6 Kxd6 40. Ne4+ Kc6 41. f5 b6 42. Kf4 Kd7 43. Ke5 1-0

[Event "Oebro CXU Nytaar 2024"]
[Site "Copenhagen"]
[Date "2024.12.27"]
[Round "1.12"]
[White "Lodahl, Holger Ronnow"]
[Black "Terryn, Ezra"]
[Result "0-1"]
[WhiteElo "1880"]
[BlackElo "2236"]
[WhiteFideId "1427342"]
[BlackFideId "233196"]
[EventDate "2024.12.27"]
[EventType "swiss"]
[EventRounds "7"]
[EventCountry "DEN"]
[SourceTitle "Live v. Obro Skakforening"]

1. d4 d5 2. c4 c6 3. Nc3 Nf6 4. e3 e6 5. Nf3 Nbd7 6. Bd3 dxc4 7. Bxc4 b5 8. Bd3 a6 9. O-O c5 10. Re1 Bb7 11. a3 Be7 12. b3 O-O 13. Ra2 Rc8 14. Ne2 Qb6 15. Rd2 Rfd8 16. Ng3 Nd5 17. Bb2 c4 18. e4 Nf4 19. Bb1 c3 20. Rc2 cxb2 21. Rxc8 Rxc8 22. Qd2 Ng6 23. Qxb2 Qc7 24. Ne2 Nf4 25. e5 Nxe2+ 26. Qxe2 Qc3 27. Bd3 Bxf3 28. gxf3 Bxa3 29. Qe4 Qxe1+ 30. Qxe1 Rc1 31. Qxc1 Bxc1 32. Be4 Bb2 33. Bb7 Nb8 34. d5 exd5 35. Bxd5 Bxe5 0-1

[Event "Oebro CXU Nytaar 2024"]
[Site "Copenhagen"]
[Date "2024.12.27"]
[Round "1.14"]
[White "Hansen, Alex"]
[Black "Zander, Emil"]
[Result "0-1"]
[WhiteElo "1877"]
[BlackElo "2214"]
[WhiteFideId "1409719"]
[BlackFideId "1467123"]
[EventDate "2024.12.27"]
[EventType "swiss"]
[EventRounds "7"]
[EventCountry "DEN"]
[SourceTitle "Live v. Obro Skakforening"]

1. d4 Nf6 2. Nf3 d5 3. e3 c5 4. b3 cxd4 5. exd4 Nc6 6. Bb2 Bg4 7. Be2 e6 8. Nbd2 a5 9. a3 a4 10. b4 Bd6 11. Ne5 Bxe2 12. Qxe2 Qc7 13. Rc1 Rc8 14. c4 dxc4 15. Rxc4 Qb6 16. Ne4 Be7 17. Nxf6+ gxf6 18. Nxf7 Kxf7 19. Qh5+ Kf8 20. Qh6+ Ke8 21. O-O Qb5 22. Rfc1 Rg8 23. Qxh7 Qg5 24. Qh3 Kf7 25. Re1 Qd5 26. Rc2 Rh8 27. Qe3 Bd6 28. f4 Qf5 29. Rce2 Bxf4 30. Qxe6+ Qxe6 31. Rxe6 Bxh2+ 32. Kf2 Rhg8 33. Kf1 Rce8 34. d5 Be5 35. Bxe5 Nxe5 36. Rb6 Rb8 37. Rc1 Rgd8 38. d6 Rd7 39. Rc7 Ke6 40. Ke2 Nf7 41. Rc5 Rxd6 42. Rbb5 Ne5 43. Ra5 Nc6 44. Rxa4 b5 45. Ra6 Nd4+ 46. Kd3 Rxa6 47. Kxd4 Rxa3 48. g4 Rg8 49. Rc6+ Ke7 50. Kc5 Rc3+ 51. Kxb5 Rxc6 52. Kxc6 Rxg4 53. b5 f5 0-1

[Event "Oebro CXU Nytaar 2024"]
[Site "Copenhagen"]
[Date "2024.12.27"]
[Round "1.15"]
[White "Meskenas, Paulius"]
[Black "Hove, Svend Kjems"]
[Result "1-0"]
[WhiteElo "2203"]
[BlackElo "1871"]
[WhiteFideId "12809969"]
[BlackFideId "1408194"]
[EventDate "2024.12.27"]
[EventType "swiss"]
[EventRounds "7"]
[EventCountry "DEN"]
[SourceTitle "Live v. Obro Skakforening"]

1. c4 e5 2. Nc3 g6 3. d4 exd4 4. Qxd4 Qf6 5. Qxf6 Nxf6 6. e4 d6 7. h3 Bg7 8. Be3 O-O 9. Nf3 Na6 10. Nd2 Re8 11. Bd3 c6 12. O-O Be6 13. f4 h6 14. Rae1 Re7 15. g4 Ne8 16. Rf3 Bc8 17. Bf2 Nb4 18. Bb1 a5 19. a3 Na6 20. Nb3 f5 21. gxf5 gxf5 22. exf5 Rxe1+ 23. Bxe1 Nac7 24. Na4 b5 25. Nb6 Rb8 26. Nxc8 bxc4 27. Nxa5 Rxb2 28. Nxc4 Rxb1 29. Kf2 Bd4+ 30. Ke2 d5 31. Ne7+ Kf7 32. Nxc6 dxc4 33. Nxd4 Nd5 34. Bc3 Nd6 35. Nc6 Ne4 36. Bd4 c3 37. Kd3 Re1 38. Ne5+ Kf6 39. Ng4+ Kxf5 40. Nxh6+ Kg6 41. Ng4 Kf5 42. Be3 Rd1+ 43. Kc2 Ra1 44. Nh6+ Kf6 45. Bc1 Ra2+ 46. Kd3 Nf2+ 47. Kc4 Ke6 48. f5+ Kd6 49. f6 Nb6+ 50. Kxc3 Ne4+ 51. Kb3 Rf2 52. Rxf2 Nxf2 53. Be3 Nxh3 54. Bxb6 Ng5 55. f7 Ne6 56. Ba5 Nc5+ 57. Kc4 Nd7 58. Bb4+ Kc6 59. f8=Q Ne5+ 60. Kc3 Kd5 1-0

[Event "Oebro CXU Nytaar 2024"]
[Site "Copenhagen"]
[Date "2024.12.27"]
[Round "1.16"]
[White "Hansen, Claus Ago"]
[Black "Thuesen, Mogens Henrik"]
[Result "0-1"]
[WhiteElo "1870"]
[BlackElo "2193"]
[WhiteFideId "1471511"]
[BlackFideId "1400878"]
[EventDate "2024.12.27"]
[EventType "swiss"]
[EventRounds "7"]
[EventCountry "DEN"]
[SourceTitle "Live v. Obro Skakforening"]

1. d4 d5 2. Nf3 c6 3. e3 Nf6 4. Bd3 Bg4 5. Nbd2 Nbd7 6. h3 Bh5 7. g4 Bg6 8. Qe2 e6 9. c3 Ne4 10. h4 h5 11. g5 Bd6 12. a3 O-O 13. Nf1 e5 14. Bd2 Nxf2 15. Bxg6 fxg6 16. Rh2 Nd3+ 17. Qxd3 e4 18. Qc2 Rxf3 19. Rh1 Nb6 20. O-O-O Nc4 21. Qb3 b5 22. Kb1 Qf8 23. Bc1 a5 24. Re1 Rf2 25. Rd1 a4 26. Qa2 Qf3 27. Nd2 Nxd2+ 28. Bxd2 Rxd2 29. Rde1 Rf8 30. Ka1 Re2 31. Qb1 Qxe3 32. Qd1 Rff2 33. Qb1 Bxa3 34. Rxe2 Rxe2 0-1

[Event "Oebro CXU Nytaar 2024"]
[Site "Copenhagen"]
[Date "2024.12.27"]
[Round "1.17"]
[White "Jalving, August"]
[Black "Ramsdal, Lasse Andreas"]
[Result "1/2-1/2"]
[WhiteElo "2178"]
[BlackElo "1862"]
[WhiteFideId "1471759"]
[BlackFideId "1440675"]
[EventDate "2024.12.27"]
[EventType "swiss"]
[EventRounds "7"]
[EventCountry "DEN"]
[SourceTitle "Live v. Obro Skakforening"]

1. e4 c5 2. Nf3 d6 3. d4 cxd4 4. Nxd4 Nf6 5. Nc3 Nc6 6. h3 e5 7. Nde2 Be6 8. Bg5 Be7 9. Bxf6 Bxf6 10. Nd5 O-O 11. c3 Rc8 12. g3 b5 13. Bg2 Na5 14. O-O Nc4 15. Nxf6+ Qxf6 16. b3 Nb6 17. Qxd6 Rfd8 18. Qa3 Rd2 19. Rfe1 Rxc3 20. Qxa7 Nc8 21. Qa5 Rcc2 22. Rad1 Rxa2 23. Qxb5 Bd7 24. Rxd2 Rxd2 25. Qc5 h6 26. Nc3 Rc2 27. Qe3 Qb6 28. Nd5 Qxe3 29. Rxe3 Rc1+ 30. Kh2 f6 31. Rd3 Bb5 32. Rc3 Rxc3 33. Nxc3 Bd3 34. Kg1 Nd6 35. b4 Kf7 36. f4 Ke6 37. Kf2 Nb5 38. Nxb5 Bxb5 39. Bf1 Bc6 40. Ke3 g5 41. Bd3 Kd6 42. fxg5 fxg5 43. Kd2 Bd7 44. h4 Kc6 45. Kc3 Kb6 46. Bc4 Kc6 47. Bf7 Kb5 48. Bh5 Be6 49. Bg6 Bd7 50. Bf5 Bc6 51. Kb3 Be8 52. Bg4 Bf7+ 53. Kc3 Bg6 54. Bd7+ Kb6 55. Kd3 Kc7 56. Ba4 Kb6 57. Bb3 Kb5 58. Kc3 Bxe4 59. Bc4+ Kb6 60. Bd3 Bd5 61. Kd2 Kc6 62. Ke3 Kd6 63. Be2 Bf7 64. Bf3 Bg6 65. Be4 Bf7 66. Kd3 Kc7 67. Bf3 Kd6 68. h5 Be6 69. b5 Kc5 70. Ke3 Bf5 71. Bc6 Bc2 72. Be4 Bd1 73. Bg6 Ba4 74. Ke4 Kd6 75. b6 Bc6+ 76. Kf5 e4 77. Kf6 e3 78. Bd3 Bf3 79. Kg7 Bxh5 80. Kxh6 e2 81. Bxe2 Bxe2 82. Kxg5 Kc6 83. g4 Kxb6 84. Kf4 Bxg4 85. Ke4 1/2-1/2

[Event "Oebro CXU Nytaar 2024"]
[Site "Copenhagen"]
[Date "2024.12.27"]
[Round "1.18"]
[White "Peitersen, Andreas"]
[Black "Veiergang, Oscar Jacob"]
[Result "0-1"]
[WhiteElo "1841"]
[BlackElo "2170"]
[WhiteFideId "1479814"]
[BlackFideId "1470183"]
[EventDate "2024.12.27"]
[EventType "swiss"]
[EventRounds "7"]
[EventCountry "DEN"]
[SourceTitle "Live v. Obro Skakforening"]

1. e4 e5 2. Nf3 Nc6 3. d4 exd4 4. Nxd4 Nf6 5. Nxc6 bxc6 6. Bd3 d5 7. e5 Ng4 8. O-O Bc5 9. Bf4 g5 10. Bg3 h5 11. h3 h4 12. Bh2 Nxh2 13. Kxh2 Bd4 14. c3 Bxe5+ 15. Kh1 Qf6 16. Nd2 Kf8 17. Re1 Bd7 18. Qf3 Rb8 19. Rab1 Kg7 20. Re2 Qxf3 21. Nxf3 Bf6 22. Nh2 Be6 23. Rbe1 c5 24. Kg1 c4 25. Bb1 Rb6 26. Ng4 Rhb8 27. Nxf6 Kxf6 28. f4 Rxb2 29. fxg5+ Kxg5 30. Re5+ Kf6 31. Bh7 Rh8 0-1

[Event "Oebro CXU Nytaar 2024"]
[Site "Copenhagen"]
[Date "2024.12.27"]
[Round "1.19"]
[White "Andries, Alf"]
[Black "Vehl, Tina"]
[Result "1-0"]
[WhiteElo "2164"]
[BlackElo "1839"]
[WhiteFideId "1463373"]
[BlackFideId "1418262"]
[EventDate "2024.12.27"]
[EventType "swiss"]
[EventRounds "7"]
[EventCountry "DEN"]
[SourceTitle "Live v. Obro Skakforening"]

1. e4 c5 2. c3 Nf6 3. e5 Nd5 4. Nf3 Nc6 5. Bc4 Nb6 6. Bb3 c4 7. Bc2 d6 8. exd6 Qxd6 9. O-O g6 10. b3 Bg7 11. h3 O-O 12. Qe2 Be6 13. Na3 Nb4 14. Qd1 Nxc2 15. Qxc2 Bf5 16. Qd1 Bd3 17. Re1 Rfe8 18. bxc4 Nxc4 19. Nxc4 Bxc4 20. d4 f6 21. a4 a5 22. Ba3 Qd7 23. Nd2 Bf7 24. Ne4 e5 25. Nd6 Red8 26. Rb1 Be6 27. d5 Bxh3 28. gxh3 Qxh3 29. Re3 Qh4 30. Nxb7 Rd7 31. Nc5 Rf7 32. d6 f5 33. Qd5 Rd8 34. Ne6 Bf6 35. Nxd8 Bxd8 36. Rb7 1-0

[Event "Oebro CXU Nytaar 2024"]
[Site "Copenhagen"]
[Date "2024.12.27"]
[Round "1.20"]
[White "Rasmussen, Matthias"]
[Black "Thorsbro, Peter"]
[Result "0-1"]
[WhiteElo "1807"]
[BlackElo "2139"]
[WhiteFideId "1447890"]
[BlackFideId "1406671"]
[EventDate "2024.12.27"]
[EventType "swiss"]
[EventRounds "7"]
[EventCountry "DEN"]
[SourceTitle "Live v. Obro Skakforening"]

1. e4 c6 2. Nf3 d5 3. exd5 cxd5 4. d4 Nc6 5. c3 Nf6 6. Bd3 Bg4 7. Be3 e6 8. Nbd2 Bd6 9. Qc2 Rc8 10. a3 Bh5 11. O-O O-O 12. Bg5 Bg6 13. Bh4 b5 14. Ng5 Nxd4 15. Qb1 Nf5 16. Bg3 Nxg3 17. fxg3 Ng4 18. Nxh7 Bxh7 19. Bxh7+ Kh8 20. Nb3 Qg5 21. Nd4 Qh6 22. h3 Qe3+ 23. Kh1 Qxg3 24. Nf3 Nh2 25. Kg1 Nxf1 26. Kxf1 f5 0-1

[Event "Oebro CXU Nytaar 2024"]
[Site "Copenhagen"]
[Date "2024.12.27"]
[Round "2.1"]
[White "Thuesen, Mogens Henrik"]
[Black "Ochsner, Bjorn Moller"]
[Result "0-1"]
[WhiteElo "2193"]
[BlackElo "2503"]
[WhiteFideId "1400878"]
[BlackFideId "1416928"]
[EventDate "2024.12.27"]
[EventType "swiss"]
[EventRounds "7"]
[EventCountry "DEN"]
[SourceTitle "Live v. Obro Skakforening"]

1. d4 Nf6 2. c4 e6 3. Nf3 d5 4. g3 Bb4+ 5. Bd2 Be7 6. Bg2 O-O 7. O-O Nbd7 8. Bf4 dxc4 9. Nbd2 Nd5 10. Nxc4 Nxf4 11. gxf4 Nb6 12. Rc1 Nd5 13. e3 Bd7 14. Qb3 Rb8 15. Nce5 Be8 16. Nd2 c6 17. Rfd1 Bd6 18. Ne4 Bc7 19. Nc5 Qe7 20. Nf3 Kh8 21. Qd3 f6 22. Bh3 Bh5 23. Bg2 Qf7 24. Ne4 h6 25. Ng3 Bg6 26. Qa3 a6 27. Kh1 Bh7 28. Rf1 g5 29. fxg5 hxg5 30. Nd2 Kg7 31. Bxd5 exd5 32. f4 g4 33. e4 dxe4 34. f5 Rbe8 35. Rce1 Qd5 36. Qe3 Bxg3 37. hxg3 Bxf5 38. Kg1 Rh8 39. Nb3 Rh3 40. Rf4 Reh8 41. Ref1 Rh1+ 42. Kf2 R8h2+ 43. Ke1 Rxf1+ 44. Rxf1 Rxb2 0-1

[Event "Oebro CXU Nytaar 2024"]
[Site "Copenhagen"]
[Date "2024.12.27"]
[Round "2.2"]
[White "Hector, Jonny"]
[Black "Andries, Alf"]
[Result "1-0"]
[WhiteElo "2443"]
[BlackElo "2164"]
[WhiteFideId "1700090"]
[BlackFideId "1463373"]
[EventDate "2024.12.27"]
[EventType "swiss"]
[EventRounds "7"]
[EventCountry "DEN"]
[SourceTitle "Live v. Obro Skakforening"]

1. e4 e5 2. d4 exd4 3. Qxd4 Nc6 4. Qe3 Nf6 5. Nc3 Bb4 6. Bd2 O-O 7. O-O-O Re8 8. Bc4 d6 9. Nf3 Be6 10. Bxe6 Rxe6 11. Ng5 Re8 12. Qg3 Nd4 13. Qd3 Ne6 14. h4 Qe7 15. Nd5 Bxd2+ 16. Rxd2 Nxd5 17. exd5 Nf8 18. g3 h6 19. Nf3 Nd7 20. Re1 Qf8 21. Rde2 Rxe2 22. Qxe2 Nf6 23. Qb5 Qc8 24. Nd4 a6 25. Qb3 Rb8 26. a4 c5 27. dxc6 bxc6 28. Nxc6 Rxb3 29. Ne7+ Kf8 30. Nxc8 Rb4 31. b3 d5 32. Ne7 Rb7 33. Nc6 Ne4 34. Rd1 Nf6 35. Kb2 Rb6 36. Nd4 g6 37. f3 Ke7 38. a5 Rb7 39. c3 Kd6 40. Nc2 Rb5 41. c4 Rc5 42. Ne3 Kc6 43. b4 1-0